[Event "Wiesbaden op 30th"]
[Site "Wiesbaden"]
[Date "2018.08.25"]
[Round "5"]
[White "Maleski, Heinz"]
[Black "Busch, Guenther"]
[Result "1/2-1/2"]
[WhiteElo "1667"]
[BlackElo "1509"]
[PlyCount "50"]
[EventDate "2018.08.23"]
[EventType "swiss"]
[EventRounds "7"]
[EventCountry "GER"]
[SourceTitle "CBM 186 Extra"]
[Source "ChessBase"]
[SourceDate "2018.08.24"]
[SourceVersion "1"]
[SourceVersionDate "2018.08.24"]
[SourceQuality "1"]

1. d4 d6 2. Nf3 g6 3. Bf4 Bg7 4. e3 Nd7 5. Be2 e6 6. 0-0 Ne7 7. c3 a6 8. h3 0-0 9. Nbd2 b6 10. Rc1 Bb7 11. c4 e5 12. dxe5 dxe5 13. Bg3 Nf5 14. Bh2 Nh4 15. Nxh4 Qxh4 16. Nf3 Qe7 17. b3 Rad8 18. Qc2 Nc5 19. Rfd1 Ne4 20. Bd3 Ng5 21. Nxg5 Qxg5 22. Bf1 c5 23. a3 Rxd1 24. Rxd1 Rd8 25. Rxd8+ Qxd8 1/2-1/2

[Event "Wiesbaden op 30th"]
[Site "Wiesbaden"]
[Date "2018.08.24"]
[Round "2"]
[White "Weiland, Thomas"]
[Black "Busch, Guenther"]
[Result "1/2-1/2"]
[WhiteElo "1804"]
[BlackElo "1509"]
[PlyCount "56"]
[EventDate "2018.08.23"]
[EventType "swiss"]
[EventRounds "7"]
[EventCountry "GER"]
[SourceTitle "CBM 186 Extra"]
[Source "ChessBase"]
[SourceDate "2018.08.24"]
[SourceVersion "1"]
[SourceVersionDate "2018.08.24"]
[SourceQuality "1"]

1. c4 d6 2. d4 g6 3. Nc3 Bg7 4. Nf3 Nd7 5. g3 b6 6. Bg2 Bb7 7. 0-0 e6 8. e4 Ne7 9. Re1 0-0 10. Rb1 a6 11. a3 c5 12. d5 e5 13. Bd2 h6 14. Qc1 Kh7 15. Nh4 Nf6 16. h3 Bc8 17. Nf3 Nfg8 18. g4 f5 19. exf5 gxf5 20. g5 f4 21. Ne4 Ng6 22. h4 Bg4 23. gxh6 Bxh6 24. Nfg5+ Kh8 25. Bf3 Bf5 26. Qc3 Nf6 27. Rbd1 Nxe4 28. Bxe4 Bxg5 1/2-1/2

[Event "Wiesbaden op 29th"]
[Site "Wiesbaden"]
[Date "2017.08.25"]
[Round "3"]
[White "Krischak, Werner"]
[Black "Busch, Guenther"]
[Result "1-0"]
[WhiteElo "1761"]
[BlackElo "1561"]
[PlyCount "91"]
[EventDate "2017.08.24"]
[EventType "swiss"]
[EventRounds "7"]
[EventCountry "GER"]
[SourceTitle "CBM 180 Extra"]
[Source "ChessBase"]
[SourceDate "2017.10.06"]
[SourceVersion "1"]
[SourceVersionDate "2017.10.06"]
[SourceQuality "1"]

1. d4 d6 2. c4 g6 3. Nc3 Bg7 4. e4 b6 5. Nf3 e6 6. Be2 Ne7 7. 0-0 Bb7 8. Be3 Nd7 9. Qd2 h6 10. Rac1 a6 11. d5 e5 12. b4 Nf6 13. c5 Ng4 14. Ne1 Nxe3 15. Qxe3 0-0 16. Nd3 g5 17. Na4 b5 18. Nc3 f5 19. c6 Bc8 20. f3 f4 21. Qd2 h5 22. Nf2 Ng6 23. Ra1 Kf7 24. a4 a5 25. axb5 Rh8 26. bxa5 g4 27. fxg4 hxg4 28. Nxg4 Bxg4 29. Bxg4 Qh4 30. Bh3 Ke7 31. Qe2 Bf6 32. Qg4 Qxg4 33. Bxg4 Rag8 34. h3 f3 35. Rxf3 Nf4 36. Kf2 Bh4+ 37. g3 Nxh3+ 38. Bxh3 Bg5 39. Bg2 Bd2 40. Rh1 Rxh1 41. Bxh1 Kd8 42. b6 cxb6 43. axb6 Kc8 44. Ke2 Bg5 45. Nb5 Be7 46. Ra3 1-0

[Event "Wiesbaden op 28th"]
[Site "Wiesbaden"]
[Date "2016.08.28"]
[Round "6"]
[White "Busch, Guenther"]
[Black "Gerber, Ingo"]
[Result "1/2-1/2"]
[WhiteElo "1572"]
[BlackElo "1324"]
[PlyCount "55"]
[EventDate "2016.08.25"]
[EventType "swiss"]
[EventRounds "7"]
[EventCountry "GER"]
[SourceTitle "CBM 174 Extra"]
[Source "ChessBase"]
[SourceDate "2016.10.10"]
[SourceVersion "1"]
[SourceVersionDate "2016.10.10"]
[SourceQuality "1"]

1. g3 d5 2. Bg2 Nf6 3. d3 e5 4. e3 Bd6 5. a3 0-0 6. Nd2 Re8 7. b3 Bf5 8. Ne2 c6 9. Bb2 Nbd7 10. 0-0 h6 11. h3 e4 12. d4 Nh7 13. Kh2 Be6 14. f3 exf3 15. Nxf3 Bf5 16. Ne5 Nxe5 17. Rxf5 Ng6 18. Qd3 Nh4 19. Rf2 Nxg2 20. Kxg2 Qc7 21. Raf1 Re7 22. c4 dxc4 23. bxc4 c5 24. Nf4 Bxf4 25. Rxf4 Rae8 26. e4 cxd4 27. Qxd4 Nf6 28. h4 1/2-1/2

[Event "Wiesbaden op 28th"]
[Site "Wiesbaden"]
[Date "2016.08.26"]
[Round "2"]
[White "Busch, Guenther"]
[Black "Krischak, Werner"]
[Result "1-0"]
[WhiteElo "1572"]
[BlackElo "1767"]
[PlyCount "45"]
[EventDate "2016.08.25"]
[EventType "swiss"]
[EventRounds "7"]
[EventCountry "GER"]
[SourceTitle "CBM 174 Extra"]
[Source "ChessBase"]
[SourceDate "2016.10.10"]
[SourceVersion "1"]
[SourceVersionDate "2016.10.10"]
[SourceQuality "1"]

1. g3 d5 2. Bg2 Nf6 3. d3 c6 4. e3 Bg4 5. Ne2 e5 6. a3 Bd6 7. b3 0-0 8. h3 Bxe2 9. Qxe2 Re8 10. 0-0 Nbd7 11. Nd2 Qc7 12. e4 d4 13. Nc4 Bf8 14. f4 b5 15. fxe5 bxc4 16. exf6 cxd3 17. cxd3 Nxf6 18. Bf4 Qb6 19. Qb2 Nd7 20. b4 Ne5 21. Bxe5 Rxe5 22. Qb3 a5 23. Qxf7+ 1-0

[Event "Gibraltar Amateur op-B"]
[Site "Caleta"]
[Date "2016.02.01"]
[Round "3"]
[White "Chadwick, Susan E"]
[Black "Busch, Guenther"]
[Result "0-1"]
[WhiteElo "1430"]
[BlackElo "1561"]
[PlyCount "88"]
[EventDate "2016.01.30"]
[EventType "swiss"]
[EventRounds "5"]
[EventCountry "GGB"]
[SourceTitle "CBM 170 Extra"]
[Source "ChessBase"]
[SourceDate "2016.02.25"]
[SourceVersion "1"]
[SourceVersionDate "2016.02.25"]
[SourceQuality "1"]

1. d4 d6 2. Nf3 g6 3. c4 Bg7 4. Nc3 a6 5. e4 e6 6. Be2 Nd7 7. 0-0 Ne7 8. Be3 0-0 9. Qd2 b6 10. Bh6 Bb7 11. Bxg7 Kxg7 12. Ng5 h6 13. Nf3 Rb8 14. h3 c5 15. d5 e5 16. Nh2 Bc8 17. a4 Ng8 18. f4 exf4 19. Rxf4 Ne5 20. b3 Qg5 21. Kh1 Qd8 22. Raf1 Rb7 23. Nd1 Re7 24. Qc3 Kh7 25. Ne3 Qe8 26. Nf3 g5 27. Nxg5+ hxg5 28. R4f2 Ng6 29. Bd3 Ne5 30. Bc2 f6 31. Nf5 Bxf5 32. exf5 Qh5 33. Bd1 Qh4 34. g3 Qe4+ 35. Kg1 Rfe8 36. Bh5 Rf8 37. Bd1 Qd3 38. Qa1 Qxg3+ 39. Rg2 Qh4 40. Bg4 Nh6 41. Qd1 Kg8 42. Re1 Nhxg4 43. hxg4 Nf3+ 44. Qxf3 Rxe1+ 0-1

[Event "Wiesbaden op 27th"]
[Site "Wiesbaden"]
[Date "2015.08.27"]
[Round "1"]
[White "Neukirchner, Pascal"]
[Black "Busch, Guenther"]
[Result "1-0"]
[WhiteElo "1932"]
[BlackElo "1528"]
[PlyCount "89"]
[EventDate "2015.08.27"]
[EventType "swiss"]
[EventRounds "7"]
[EventCountry "GER"]
[SourceTitle "EXT 2016"]
[Source "ChessBase"]
[SourceDate "2015.10.08"]
[SourceVersion "1"]
[SourceVersionDate "2015.10.08"]
[SourceQuality "1"]

1. Nf3 d6 2. d4 g6 3. c4 Bg7 4. Nc3 a6 5. e4 e6 6. Be2 Ne7 7. Be3 Nd7 8. Qd2 b6 9. h4 h6 10. 0-0-0 Bb7 11. h5 g5 12. Nxg5 hxg5 13. Bxg5 Bf6 14. f4 Ng8 15. h6 Nf8 16. Rh5 Nh7 17. Qe3 Qe7 18. Bf3 0-0-0 19. e5 dxe5 20. dxe5 Rxd1+ 21. Kxd1 Bxg5 22. fxg5 Qd7+ 23. Kc2 Ne7 24. Rh1 Nf5 25. Bxb7+ Kxb7 26. Qe4+ Qc6 27. Qxc6+ Kxc6 28. Ne4 Rg8 29. Kd3 Rd8+ 30. Kc3 Ne3 31. g3 Ng4 32. Nf6 Ngxf6 33. gxf6 Rg8 34. Rh3 Nf8 35. Kd4 Rg4+ 36. Kc3 Nh7 37. b4 Re4 38. Rh5 Re3+ 39. Kd4 Rxg3 40. Rh2 Rg4+ 41. Kd3 b5 42. cxb5+ axb5 43. a3 Kd5 44. Rc2 c6 45. Rc5# 1-0

[Event "Wiesbaden op 26th"]
[Site "Wiesbaden"]
[Date "2014.08.31"]
[Round "6"]
[White "Ley, Sabrina"]
[Black "Busch, Guenther"]
[Result "1-0"]
[WhiteElo "1597"]
[BlackElo "1307"]
[PlyCount "99"]
[EventDate "2014.08.28"]
[EventType "swiss"]
[EventRounds "7"]
[EventCountry "GER"]
[SourceTitle "CBM 162 Extra"]
[Source "ChessBase"]
[SourceDate "2014.10.17"]
[SourceVersion "1"]
[SourceVersionDate "2014.10.17"]
[SourceQuality "1"]

1. c4 b6 2. Nc3 e6 3. d4 d6 4. Nf3 Nd7 5. b3 g6 6. e4 Bg7 7. Bb2 Bb7 8. Qc2 Ne7 9. d5 e5 10. g3 a6 11. Bg2 Nf6 12. 0-0 0-0 13. Ne1 Ng4 14. h3 Nh6 15. Nd3 Bc8 16. f4 f6 17. fxe5 fxe5 18. Rxf8+ Qxf8 19. Rf1 Qe8 20. b4 Bd7 21. c5 Bb5 22. Nxb5 axb5 23. a3 bxc5 24. bxc5 Rd8 25. cxd6 cxd6 26. Bc3 Qd7 27. Qb2 Qa7+ 28. Kh2 Nf7 29. Kh1 Qa4 30. Nf4 Ng5 31. Re1 Rc8 32. Nd3 Qc4 33. Bb4 Qxd3 34. Bxd6 Rc2 35. Qb1 Qxg3 36. Qxc2 Qxe1+ 37. Kh2 Bf6 38. Qc7 Kf7 39. Bxe7 Bxe7 40. d6 Nf3+ 41. Bxf3 Qf2+ 42. Bg2 Qf4+ 43. Kh1 Qf6 44. Qxe7+ Qxe7 45. dxe7 Kxe7 46. Bf1 Kd6 47. Bxb5 Kc5 48. a4 h6 49. Kg2 g5 50. Kg3 1-0

[Event "Wiesbaden op 26th"]
[Site "Wiesbaden"]
[Date "2014.08.29"]
[Round "2"]
[White "Brandt, Michael"]
[Black "Busch, Guenther"]
[Result "1/2-1/2"]
[WhiteElo "1762"]
[BlackElo "1307"]
[PlyCount "92"]
[EventDate "2014.08.28"]
[EventType "swiss"]
[EventRounds "7"]
[EventCountry "GER"]
[SourceTitle "CBM 162 Extra"]
[Source "ChessBase"]
[SourceDate "2014.10.17"]
[SourceVersion "1"]
[SourceVersionDate "2014.10.17"]
[SourceQuality "1"]

1. f4 b6 2. e4 Bb7 3. d3 g6 4. Nf3 e6 5. Nc3 Bg7 6. Bd2 c5 7. Be2 Nc6 8. 0-0 Nge7 9. e5 a6 10. Ne4 Nf5 11. g4 d5 12. Nc3 Nfd4 13. Nxd4 Nxd4 14. Rc1 h5 15. g5 Nf5 16. Qe1 Qc7 17. Nd1 Nd4 18. c3 Nf5 19. Bf3 Qd7 20. Ne3 Nxe3 21. Bxe3 Rb8 22. Qf2 Bf8 23. a3 Be7 24. b4 Rc8 25. Rc2 0-0 26. Rfc1 Kg7 27. bxc5 Bxc5 28. Bxc5 bxc5 29. Rb2 Ba8 30. Rcb1 Qc7 31. Rb6 Rb8 32. Qb2 Rxb6 33. Qxb6 Qc8 34. Qa7 d4 35. Qxa8 Qxa8 36. Bxa8 Rxa8 37. cxd4 cxd4 38. Rb4 Rc8 39. Rxd4 Rc2 40. Rc4 Ra2 41. Ra4 Rd2 42. d4 Kf8 43. Rc4 Rd1+ 44. Kg2 Rd2+ 45. Kg3 Rd3+ 46. Kg2 Rxa3 1/2-1/2

[Event "Karl Mala Memorial op 13th"]
[Site "Frankfurt"]
[Date "2010.07.09"]
[Round "2"]
[White "Kuenitz, Klaus"]
[Black "Busch, Guenther"]
[Result "1-0"]
[WhiteElo "1696"]
[BlackElo "1137"]
[PlyCount "129"]
[EventDate "2010.07.08"]
[EventType "swiss"]
[EventRounds "7"]
[EventCountry "GER"]
[SourceTitle "EXT 2012"]
[Source "ChessBase"]
[SourceDate "2011.11.24"]
[SourceVersion "1"]
[SourceVersionDate "2011.11.24"]
[SourceQuality "1"]

1. d4 d6 2. Nf3 c5 3. c4 Nf6 4. Nc3 cxd4 5. Nxd4 a6 6. e4 Nc6 7. Be2 g6 8. Be3 Qa5 9. 0-0 Bg7 10. Qd2 0-0 11. f3 Nxd4 12. Bxd4 e5 13. Be3 Be6 14. Qxd6 Rad8 15. Qb6 Qxb6 16. Bxb6 Rc8 17. b3 Nd7 18. Be3 Rfe8 19. Rac1 Bf8 20. Nd5 Kg7 21. Rfd1 a5 22. Nc3 Bc5 23. Bxc5 Rxc5 24. Rd6 Rc6 25. Rcd1 Rxd6 26. Rxd6 Rc8 27. Nb5 Kf8 28. Kf2 Ke7 29. Ke3 Nc5 30. Rb6 Rc6 31. Rxc6 bxc6 32. Nc3 Kd6 33. Kd2 f5 34. exf5 Bxf5 35. g4 Be6 36. Kc2 Ke7 37. a3 Kf6 38. b4 Nb7 39. Ne4+ Ke7 40. c5 axb4 41. axb4 Bd7 42. Bc4 h6 43. h4 Nd8 44. Kd3 Ne6 45. Bxe6 Bxe6 46. Nc3 h5 47. g5 Bf5+ 48. Ne4 Be6 49. Ke3 Bc4 50. Nd6 Bd5 51. f4 exf4+ 52. Kxf4 Ke6 53. b5 cxb5 54. Nxb5 Bh1 55. Nc3 Bc6 56. Ne4 Kd5 57. Nf6+ Ke6 58. Nh7 Kd5 59. Nf8 Be8 60. c6 Bxc6 61. Nxg6 Be8 62. Kf5 Bd7+ 63. Kf6 Ke4 64. Nf8 Kf4 65. Nxd7 1-0